Forecasting Exchange Rate Volatility: The Case of the Czech Republic, Hungary and Poland
Analýza rôznych modelov pre predvídanie volatility jednodňových výmenných kurzov českej koruny, maďarského forintu a poľského zlotého voči euru.
Saved in:
| Main Author: | |
|---|---|
| Other Authors: | , |
| Format: | Book Chapter |
| Language: | English |
| Subjects: | |
| Tags: |
No Tags, Be the first to tag this record!
|
MARC
| LEADER | 00000naa a2200000 4500 | ||
|---|---|---|---|
| 001 | 0223848 | ||
| 005 | 20240502083556.7 | ||
| 041 | 0 | |a eng | |
| 044 | |a CZ | ||
| 245 | 1 | 0 | |a Forecasting Exchange Rate Volatility: The Case of the Czech Republic, Hungary and Poland |c Štefan Lyócsa, Peter Molnár, Igor Fedorko |
| 520 | |a Analýza rôznych modelov pre predvídanie volatility jednodňových výmenných kurzov českej koruny, maďarského forintu a poľského zlotého voči euru. | ||
| 610 | 2 | 0 | |a volatilita |
| 610 | 2 | 0 | |a predvídanie |
| 610 | 2 | 0 | |a kurz výmenný |
| 610 | 2 | 0 | |a Česko |
| 610 | 2 | 0 | |a Maďarsko |
| 610 | 2 | 0 | |a Poľsko |
| 100 | 1 | |a Lyócsa, Štefan, 1982- | |
| 700 | 1 | |a Molnár, Peter | |
| 700 | 1 | |a Fedorko, Igor | |